000 00194 a2200097 4500
001 911
100 _aHund,A
245 _aFreqrecncy modulation
260 _a
_bMcgrawhill
_c
090 _c501
_d501
942 _aNUST-CAE
_cM
_c31390
999 _c235984
_d235984